Guess the City of India by Picture - Statistics

General Stats
  • This quiz has been taken 45 times
  • The average score is 8 of 20
Answer Stats
Picture Answer % Correct
Agra
98%
Hyderabad
82%
New Delhi
70%
Amritsar
61%
Chennai
57%
Mumbai
55%
Varanasi
50%
Kolkata
39%
Thiruvananthapuram
39%
Jaipur
34%
Jodhpur
34%
Lucknow
30%
Bengaluru
23%
Ahmedabad
20%
Madurai
20%
Nagpur
20%
Pune
16%
Patna
7%
Kochi
5%
Guwahati
2%
No matching quizzes found
Score Distribution
Percent of People with Each Score
Percentile by Number Answered
Your Score History
You have not taken this quiz